| 000 | 01825nam a2200265 a 4500 | ||
|---|---|---|---|
| 001 | BRCA_9012 | ||
| 005 | 20190320210507.0 | ||
| 008 | 200717s1765----sp-a######---#000-0#spa-# | ||
| 041 | _aspa | ||
| 044 | _asp | ||
| 084 |
_aLE24 _b.S46 1765 |
||
| 100 | 1 |
_aSeñeri, Pablo _d1624-1694 _921265 |
|
| 245 | 1 | 0 |
_aQuaresma del padre Pablo Señeri,de la compañía de Jesús, predicador de N. Santísima P. Inocencio XII. y su theologo _ctraducida de la lengua toscana a la castellana por el Doctor Antonio de las Casas. |
| 260 |
_aBarcelona _bEn la Imprenta de Maria Angela Marti viuda _c1765 |
||
| 300 |
_a[4]. 415 p. (t.2) _c21.6 x 15.5 cm |
||
| 500 | _aCon licencias necesarias | ||
| 500 | _aEstado físico: presenta encuadernación en pergamino con cintas rotas | ||
| 500 | _aCon marca de fuego: “Procedencia de la marca: Convento de Santa Teresa Jesús de Querétaro (1). Institución: Orden de Carmelitas Descalzos. Provincia de San Alberto de México. Descripción: Variación sobre las armas de la Orden del Monte Carmelo. Un mantel sumado de una cruz patada y cargado de una letra capital Q. Al timbre, corona real abierta. Observaciones: Esta marca conserva tres elementos del escudo carmelita: la cruz, el mantel / monte y la corona de tres florones, simplificación de la de 12 estrellas (sentido místico del Apocalipsis) (2) ---------- En 2006 Fermín Campos sugirió que la inicial Q es la sigla de la palabra ´Querétaro´. Ubicación de la marca en el libro: Portada” | ||
| 650 | 1 | 4 |
_aSermones de cuaresma _yObras anteriores a 1800 _921718 |
| 700 | 1 |
_aInocencio XII _dPapa _922355 |
|
| 700 | 1 |
_aCasas, Antonio de las _etr. _922356 |
|
| 856 | _ahttp://www.marcasdefuego.buap.mx:8180/xmLibris/projects/firebrand/item.jsp?repository=marcas_de_fuego&key=1cac16ac.xml&num=19 | ||
| 902 | _aCFM | ||
| 942 |
_2lcc _cB |
||
| 999 |
_c8663 _d8663 |
||